The American journal of education and college review.

Bibliographic Details
Other Authors: Peters, Absalom, 1793-1869, Barnard, Henry, 1811-1900, Randall, S. S. (Samuel Sidwell), 1809-1881
Format: Microform Journal
Language:English
Published: [New York] : [N.A. Calkins], [1855-1857]
Series:American periodical series, 1850-1900 ; 85.
Subjects:

MARC

Tag First Indicator Second Indicator Subfields
LEADER 00000cas a2200000 a 4500
001 in00003794591
005 20170927135659.0
007 hd afv---baca
008 840207d18551857miumr p a 0 a0eng c
010 |a sf 89099275  
035 |a (OCoLC)ocm10385853 
035 |a (OCoLC)10385853 
040 |a PEA  |b eng  |c PEA  |d DLC  |d OCLCQ  |d OCLCG  |d HMG  |d OCLCQ  |d OCLCF  |d OCLCO  |d TXA  |d UtOrBLW 
042 |a pcc 
049 |a TXAM 
050 0 0 |a Microfilm 05422 no. 85 AP 
050 4 |a L11  |b .A69 
082 0 4 |a 051  |b A51p3 
090 |a L11  |b .A7 
245 0 4 |a The American journal of education and college review. 
264 1 |a [New York] :  |b [N.A. Calkins],  |c [1855-1857] 
300 |a 3 volumes :  |b illustrations ;  |c 22 cm. 
310 |a Monthly 
336 |a text  |b txt  |2 rdacontent 
337 |a microform  |b h  |2 rdamedia 
338 |a microfilm reel  |b hd  |2 rdacarrier 
362 0 |a Vol. 1, no. 1 (Aug. 1855)-v. 3, no. 16 (Apr. 1857). 
500 |a Title from caption. 
500 |a Editors: Aug. 1855-Jan. 1856, Absalom Peters and Henry Barnard--[Feb. 1856]-Apr. 1857, Peter and S.S. Randall (with Alexander Wilder, Aug. 1856-Mar. 1857; Andrew Rankin, Apr. 1857). 
580 |a Aug. 1855-Jan. 1856 (v. 1, no. 1-2) were issued under joint editorship of Absalom Peters and Henry Barnard. The partnership being dissolved, the American journal of education and college review was continued under the editorship of Peters and S.S. Randall (with Alexander Wilder, Aug. 1856-Mar. 1857; Andrew Rankin, Apr. 1857) Barnard also continued the periodical under the title of American journal of education, the numbers for Aug. 1855 and Jan. 1856 forming also v. 1, no. 1-2, of his publication. 
533 |a Microfilm.  |b Ann Arbor, Mich. :  |c University Microfilms.  |e 1 microfilm reel ; 35 mm.  |f (American periodical series, : 1850-1900 ; 85). 
500 |a Microform. 
650 0 |a Education  |v Periodicals.  |0 http://id.loc.gov/authorities/subjects/sh2008102639 
650 7 |a Education.  |2 fast  |0 (OCoLC)fst00902499 
655 7 |a Periodicals.  |2 fast  |0 (OCoLC)fst01411641 
700 1 |a Peters, Absalom,  |d 1793-1869.  |0 http://id.loc.gov/authorities/names/n85097862 
700 1 |a Barnard, Henry,  |d 1811-1900.  |0 http://id.loc.gov/authorities/names/n50017807 
700 1 |a Randall, S. S.  |q (Samuel Sidwell),  |d 1809-1881.  |0 http://id.loc.gov/authorities/names/n85097864 
776 1 |t American journal of education and college review  |w (OCoLC)1480138 
787 1 |t American journal of education  |w (DLC)sf 89099271  |w (OCoLC)10389168 
830 0 |a American periodical series, 1850-1900 ;  |v 85.  |0 http://id.loc.gov/authorities/names/n79141848 
948 |a cataloged  |b h  |c 2016/5/31  |d c  |e spoltoratski  |f 2:15:40 pm 
994 |a C0  |b TXA 
999 f f |s 6483150a-b8c0-3358-b721-548e05efd4f3  |i fd91822e-b9b0-3de5-93a5-8f18b8813e6d  |t 0 
952 f f |a Texas A&M University  |b Rellis Campus  |c Joint Library Facility  |d Remote Storage  |t 0  |e L11 .A7 [microfilm]  |h Library of Congress classification 
998 f f |a L11 .A7 [microfilm]  |s v.1:no.1-2 (1855:Aug.-1956:Jan.)  |t 0  |l Remote Storage